|
|
|
|
| LEADER |
00000cam a2200000 a 4500 |
| 001 |
vtls011601469 |
| 003 |
SK-MaSNL |
| 005 |
20260426000209.0 |
| 008 |
240318s2016 xo oa g bn 001 0 hun |
| 015 |
|
|
|a SNBA2017/03
|
| 015 |
|
|
|a SNBSAB2016
|
| 020 |
|
|
|a 9788089249879
|q (viaz.)
|z 9788089249886
|
| 035 |
|
|
|a 65B7D86C-F027-40E5-8623-3B6054062FD1
|
| 035 |
|
|
|a urn:nbn:sk:snk-am3icib
|
| 035 |
|
|
|a urn:nbn:sk:snk-am00e3ej
|
| 040 |
|
|
|a SNK
|b slo
|c SNK
|e AACR2
|
| 041 |
0 |
|
|a hun
|
| 043 |
|
|
|a e-xo---
|a e-hu---
|
| 044 |
|
|
|a xo
|c SK
|
| 072 |
|
7 |
|a 39
|x Etnológia. Etnografia. Folklór
|2 konspekt
|
| 080 |
|
|
|a 398
|2 2011
|
| 080 |
|
|
|a 39
|2 2011
|
| 080 |
|
|
|a 913(1-192)
|2 2011
|
| 080 |
|
|
|a (437.6)
|2 2011
|
| 080 |
|
|
|a (439)
|2 2011
|
| 080 |
|
|
|a (048.8)
|2 2011
|
| 080 |
|
|
|a (01)
|2 2011
|
| 100 |
1 |
|
|a Liszka, József,
|d 1956-
|4 aut
|9 58583
|
| 245 |
1 |
0 |
|a Határvidékek
|b határok és határtalanságok az összehasonlító folklorisztika és etnológia szempontjából
|c Liszka József
|
| 250 |
|
|
|a 1. kiad.
|
| 260 |
|
|
|a Komárom
|a Somorja
|b Fórum Kisebbségkutató Intézet
|c 2016
|
| 300 |
|
|
|a 654 s.
|b fotogr., ilustr.
|c 24 cm
|
| 366 |
|
|
|e 200 výtlačkov
|
| 500 |
|
|
|a Tiráž aj slovenská
|
| 504 |
|
|
|a Bibliografia na strane 501-557 ; bibliografické odkazy ; chronologicky radená bibliografia prác autora na strane 592-646 ; poznámky ; register
|
| 650 |
0 |
7 |
|a folklór
|2 SNKPH
|9 19213
|
| 650 |
0 |
7 |
|a Folklore
|2 SNKPHeng
|9 310560
|
| 650 |
0 |
7 |
|a etnografia
|2 SNKPH
|9 950
|
| 650 |
0 |
7 |
|a Ethnography
|2 SNKPHeng
|9 265262
|
| 650 |
0 |
7 |
|a pohraničie
|2 SNKPH
|9 66671
|
| 650 |
0 |
7 |
|a Border region
|2 SNKPHeng
|9 302498
|
| 651 |
|
7 |
|a Slovensko
|2 SNKPH
|9 14231
|
| 651 |
|
7 |
|a Maďarsko
|2 SNKPH
|9 16754
|
| 651 |
|
7 |
|a Slovakia
|2 SNKPHeng
|9 92630
|
| 651 |
|
7 |
|a Hungary
|2 SNKPHeng
|9 265263
|
| 655 |
|
7 |
|a monografie
|2 SNKPH
|9 70139
|
| 655 |
|
7 |
|a Monographs
|2 SNKPHeng
|9 120675
|
| 655 |
|
7 |
|a bibliografie
|2 SNKPH
|9 28668
|
| 655 |
|
7 |
|a Bibliographies
|2 SNKPHeng
|9 266698
|
| 752 |
|
|
|a Slovensko
|d Komárno
|
| 752 |
|
|
|a Slovensko
|d Šamorín
|
| 852 |
|
|
|a Štátna vedecká knižnica v Banskej Bystrici
|
| 919 |
|
|
|a 978-80-89249-87-9
|
| 958 |
|
|
|a NB
|
| 958 |
|
|
|a PB
|
| 999 |
|
|
|c 849039
|d 850969
|
| 952 |
|
|
|a SNK
|b SNK
|y PREZ
|7 0
|p 17A1252948
|o snkSC 173110
|i snk2017/3853
|8 0
|0 0
|1 0
|4 0
|d 2017-02-10
|f 1
|l 0
|r 2025-09-11 00:00:00
|w 2026-02-24
|
| 952 |
|
|
|a SNK
|b SNK
|y VYP
|7 0
|p 17A1252949
|o snkSC 173110 D1
|i snk2017/3854
|8 0
|0 0
|1 0
|4 0
|d 2017-02-10
|l 0
|r 2026-02-24 04:36:34
|w 2026-02-24
|